| 000 | 00936nam a2200301 a 4500 | ||
|---|---|---|---|
| 005 | 20200104041522.0 | ||
| 008 | 140303b2000 aca||||| |||| 00| 0 eng d | ||
| 020 | _a1876248459 | ||
| 040 |
_aCO-BoIAVH _cCO-BoIAVH |
||
| 041 | _aeng | ||
| 082 | 1 | 0 |
_a597.928 _bM93s |
| 100 | 1 | _aMrosovsky, N. | |
| 245 | 1 | 0 |
_aSustainable use of hawksbill turtles: _bcontemporary Issues in conservation |
| 260 |
_aMéxico: _bKey Centre for Tropical Wildlife Magagement, _c2000. |
||
| 300 | _a107 página. | ||
| 490 |
_aIssues in wildlife management _v1 |
||
| 650 | 1 | _aUso sostenible | |
| 650 | 1 | _aTortugas | |
| 650 | 1 | _aTortugas carey | |
| 650 | _aEcología de poblaciones | ||
| 650 | 1 | _aListas rojas UICN | |
| 650 | 1 | _aCITES | |
| 650 | 1 | _aManejo adaptativo | |
| 650 | 1 | _aConservación de biodiversidad | |
| 650 | 1 | _aCategorías UICN | |
| 662 | _aCuba | ||
| 942 |
_cLIBRO _2ddc |
||
| 999 |
_c1604 _d1604 |
||